| 000 | 00436nam a2200157 4500 | ||
|---|---|---|---|
| 001 | 118928 | ||
| 003 | ES-MaACL | ||
| 005 | 20230906191215.0 | ||
| 007 | t| | ||
| 008 | 070214s1923 sp r ||||1| spa d | ||
| 100 | 1 |
_aPicabia, Juan Héctor. _991766 |
|
| 245 | 1 | 0 |
_aCuentos españoles / _cJuan Héctor Picabia. |
| 260 |
_aMadrid : _b[Sucesores de Rivadeneyra], _c1923. |
||
| 300 |
_a146 p. ; _c19 x 12 cm. |
||
| 852 |
_aES-MaACL _jF-2334 |
||
| 999 |
_c118928 _d118928 |
||